000 01015nam a2200265Ia 4500
999 _c50487
_d50487
001 17435
003 GE_BSU
005 20240821125850.0
008 181216s||||||||ge |||||||||||||| ||eng||
020 _a9789941052743
040 _cGE_BSU
041 _aeng
080 _a31(479.22)+314.114(479.22)+316.42(479.22) G-24
100 _aGassmann, Fr.
_923098
245 _aEconomic and Social Vulnerability in Georgia /
_cFranziska Gassmann, George Berulava, Michael Tokmazishvili ; UNDP.
264 _a[Tbilisi] :
_bUNDP,
_c2013.
300 _a136 p. :
_bill. ;
_c30 cm.
500 _aბიბლიოგრ. : გვ. 132-136
653 _aEconomic and Social Vulnerability in Georgia
653 _aსაქართველოს სოციალ-ეკონომიკური სტატისტიკა
700 _aBerulava, George,
_eauth.
_923099
700 _aTokmaishvili, Michael
_eauth.
_923100
710 _aUnited Nations Development Programme in Georgia
_923101
942 _cBK
_2udc